De Pouchkine à Tolstoi (Record no. 122979)
[ view plain ]
| 000 -LEADER | |
|---|---|
| campo de control de longitud fija | 00969nam a2200229 i 4500 |
| 001 - NÚMERO DE CONTROL | |
| campo de control | 122979 |
| 003 - IDENTIFICADOR DE NÚMERO DE CONTROL | |
| campo de control | ES-MaACL |
| 005 - FECHA Y HORA DE LA ÚLTIMA TRANSACCIÓN | |
| campo de control | 20251109120936.0 |
| 007 - CAMPO FIJO DE DESCRIPCIÓN FÍSICA--INFORMACIÓN GENERAL | |
| campo de control de longitud fija | t| |
| 008 - DATOS DE LONGITUD FIJA--INFORMACIÓN GENERAL | |
| campo de control de longitud fija | 070214s1930 fr r ||||0| fre d |
| 245 00 - MENCIÓN DEL TÍTULO | |
| Título | De Pouchkine à Tolstoi |
| Resto del título | : contes et nouvelles / |
| Mención de responsabilidad, etc. | traductions de Hélène Isvolsky, Henri Mongault et de Boris de Schloezer. |
| 260 ## - PUBLICACIÓN, DISTRIBUCIÓN, ETC. | |
| Lugar de publicación, distribución, etc. | Paris : |
| Nombre del editor, distribuidor, etc. | La Pleiade, |
| Fecha de publicación, distribución, etc. | 1930. |
| 300 ## - DESCRIPCIÓN FÍSICA | |
| Extensión | 285 p ; |
| Dimensiones | 22 cm. |
| 490 1# - MENCIÓN DE SERIE | |
| Mención de serie | Les auteurs classiques russes |
| 505 8# - NOTA DE CONTENIDO CON FORMATO | |
| Nota de contenido con formato | Contiene: Pouchkine: Le maure de Pierre le Grand. - Lermontov: Le fataliste. - Gogol: Ménàge d'autrefois. - Dostoïevsky: Bobok. - Tourguénev: Le rendez-vous. - Leskov: Un benêt. - Tchekhov: Volodia. - Tolstoï: Le père Serge |
| 700 1# - ENTRADA AGREGADA--NOMBRE PERSONAL | |
| Nombre de persona | Isvolsky, Helene. |
| 9 (RLIN) | 65608 |
| 700 1# - ENTRADA AGREGADA--NOMBRE PERSONAL | |
| Nombre de persona | Mongault, Henri, |
| Fechas asociadas al nombre | 1888-1941 |
| 9 (RLIN) | 82186 |
| 700 1# - ENTRADA AGREGADA--NOMBRE PERSONAL | |
| Nombre de persona | Schloezer, Boris de. |
| 9 (RLIN) | 104429 |
| 830 0# - PUNTO DE ACCESO ADICIONAL DE SERIE-TÍTULO UNIFORME | |
| Título uniforme | Les auteurs classiques russes |
| 9 (RLIN) | 218895 |
| 852 ## - LOCALIZACIÓN | |
| Ubicación | ES-MaACL |
| Número de control de estantería | A-2382 |
| Estatus retirado | Estado de pérdida | Estado de daño | No para préstamo | Biblioteca de origen | Biblioteca actual | Ubicación en estantería | Fecha de adquisición | Fuente de adquisición | Total de préstamos | Signatura topográfica completa | Código de barras | Visto por última vez | Precio de reemplazo | Tipo de ítem Koha |
|---|---|---|---|---|---|---|---|---|---|---|---|---|---|---|
| Biblioteca del Ateneo de Madrid | Biblioteca del Ateneo de Madrid | Sala Pecera Planta 1 | 17/01/2008 | A-2382 | 1128147 | 23/02/2023 | 23/02/2023 | Libro impreso |
